[Event "HUN-chT1"]
[Site "HUN"]
[Date "1995.??.??"]
[Round "?"]
[White "Rajcsanyi, Zita"]
[Black "Toth, Gabor"]
[Result "0-1"]
[WhiteElo "2170"]
[BlackElo "2070"]

1.e4 d6 2.d4 Nf6 3.Nc3 c6 4.f4 Qa5 5.Bd3 e5 6.Nf3 Bg4 7.fxe5 dxe5 8.h3 Bxf3
9.Qxf3 Nbd7 10.O-O Bd6 11.dxe5 Bxe5 12.Ne2 Rd8 13.c3 O-O 14.Bc2 Qb6+ 15.Kh1 Bb8
16.Rb1 Ne5 17.Qf5 Qa6 18.Ng3 Ng6 19.Kh2 Nh4 20.Qg5 Qxf1 21.Qxh4 Qf2  0-1

[Event "HUN-chT1"]
[Site "HUN"]
[Date "1995.??.??"]
[Round "?"]
[White "Tamas, Norbert"]
[Black "Toth, Gabor"]
[Result "1-0"]
[WhiteElo "2195"]
[BlackElo "2070"]

1.e4 d6 2.d4 Nf6 3.Nc3 c6 4.f4 Qa5 5.e5 Ne4 6.Bd3 Nxc3 7.Qd2 c5 8.Qxc3 Qxc3+
9.bxc3 dxe5 10.fxe5 Nc6 11.Nf3 Bg4 12.Be3 O-O-O 13.O-O h6 14.Rab1 g5 15.Rb5 e6
16.Nd2 Bf5 17.Rfb1 Bxd3 18.cxd3 cxd4 19.cxd4 b6 20.Rc1 Kb7 21.Rc4 Rd5 22.Rb1 Ba3
23.Rf1 Rf8 24.Ne4 b5 25.Rb1 a6 26.Rc3 Be7 27.Rbc1 Rc8 28.R3c2 Ba3 29.Rf1 Nxd4
30.Rxf7+ Kb8 31.Rxc8+ Kxc8 32.Ra7 Nc2 33.Rxa6 Nxe3 34.Rxa3 Rxe5 35.Ng3 Rd5
36.h3 Kd7 37.Ne4 Nf5 38.Nf6+ Kd6 39.Nxd5 Kxd5 40.Kf2 Nd4 41.Ra8 Kc5 42.Ke3  1-0

[Event "HUN-chT1"]
[Site "HUN"]
[Date "1995.??.??"]
[Round "?"]
[White "Boronyak, Arpad"]
[Black "Toth, Gabor"]
[Result "1/2-1/2"]
[WhiteElo "2310"]
[BlackElo "2070"]

1.e4 d6 2.d4 Nf6 3.Nc3 c6 4.Be2 Qa5 5.Bd2 e5 6.dxe5 dxe5 7.Nf3 Nbd7 8.O-O Bc5
9.a3 Qc7 10.b4 Bb6 11.Bd3 O-O 12.Qe2 Rd8 13.Na4 Nf8 14.Nxb6 axb6 15.Bc3 Ng6
16.Bc4 b5 17.Bb3 h6 18.h3 Re8 19.Rfd1 Be6 20.Bxe6 Rxe6 21.g3 Nd7 22.h4 Nb6
23.h5 Na4 24.Rd3 Nf8 25.Rad1 Nxc3 26.Rxc3 Rd6 27.Rcd3 Rxd3 28.Qxd3 Ne6 29.Qc3 Rd8
30.Rd3 Ng5 31.Nxg5 Rxd3 32.Qxd3 hxg5 33.c4 bxc4 34.Qxc4 Qd6 35.Qe2 Qd4 36.Kg2 b6
37.Qg4 c5 38.Qc8+ Kh7 39.Qf5+ Kg8 40.Qc8+ Kh7 41.Qf5+  1/2-1/2

[Event "HUN-chT1"]
[Site "HUN"]
[Date "1995.??.??"]
[Round "?"]
[White "Lendvai, Edit"]
[Black "Toth, Gabor"]
[Result "0-1"]
[WhiteElo "2105"]
[BlackElo "2070"]

1.e4 d6 2.d4 Nf6 3.Nc3 c6 4.h3 Nbd7 5.Nf3 e5 6.Bg5 Be7 7.dxe5 dxe5 8.Bxf6 Bxf6
9.a4 Qb6 10.Rb1 Qb4 11.Qd3 Nb6 12.a5 Qxa5 13.b4 Qa3 14.Rb3 Qc1+ 15.Qd1 Qxd1+
16.Nxd1 Be6 17.Rb1 O-O 18.Ne3 Na4 19.Bd3 Nc3 20.Rb2 b5 21.O-O a5 22.bxa5 Rxa5
23.Nd1 Na4 24.Rb1 Rfa8 25.Nd2 Nc5 26.Nb2 Ra2 27.Be2 Rd8 28.Rfd1 Rd4 29.c3 Rd7
30.f3 Na4 31.Nxa4 Rdxd2 32.Rxd2 Rxd2 33.Bxb5 cxb5 34.Rxb5 g6 35.Nc5 Bc4 36.Rb4 Rd1+
37.Kf2 Rf1+ 38.Kg3  0-1

[Event "HUN-chT2 9495"]
[Site "HUN"]
[Date "1995.??.??"]
[Round "?"]
[White "Acs, Peter"]
[Black "Mester, Gyula"]
[Result "1-0"]
[WhiteElo "2240"]
[BlackElo "2270"]

1.e4 d6 2.d4 Nf6 3.Nc3 c6 4.Nf3 g6 5.h3 Bg7 6.Bd3 O-O 7.O-O Nbd7 8.Bg5 h6
9.Bf4 Nh5 10.Be3 e5 11.dxe5 dxe5 12.Qd2 Kh7 13.Bc4 f5 14.Rad1 Qe8 15.Qd6 Rf6
16.Qc7 b5 17.Nxb5 cxb5 18.Bxb5 fxe4 19.Nd2 Rf7 20.Bc6 Nf8 21.Qd6 Bd7 22.Bxa8 Qxa8
23.Nc4 Rf5 24.Qc7 Qe8 25.Nd6 Qe6 26.Nxf5 Qxf5 27.Bc5 Be6 28.Bxf8 Qxf8 29.Qc6 Qf5
30.Rfe1 Nf4 31.Qxe4 Qg5 32.Kh2 Bf5 33.Qf3 h5 34.g3 Nxh3 35.Qe3 Qxe3 36.fxe3 Nf2
37.Rd2 Ng4+ 38.Kg1 Bh6 39.Rd5 Nxe3 40.Rxe5 Nxc2 41.Re7+ Bg7 42.Rxg7+ Kxg7
43.Re7+ Kf6 44.Rxa7 Ke5 45.a4 Kd5 46.Kf2 Kc6 47.Ra5 Nb4 48.Rb5 Nd3+ 49.Ke3 Nc5
50.Rb4 g5 51.a5 Kd5 52.a6 Nxa6 53.Rb5+ Ke6 54.Rb6+ Kd7 55.Rxa6 h4 56.Rf6  1-0

[Event "HUN-chT1 9596"]
[Site "HUN"]
[Date "1995.??.??"]
[Round "3"]
[White "Farkas, Gyula"]
[Black "Ozsvath, Andras"]
[Result "1/2-1/2"]
[WhiteElo "2215"]
[BlackElo "2290"]

1.e4 d6 2.d4 Nf6 3.Nc3 Nbd7 4.g3 e5 5.Be3 g6 6.Bg2 Bg7 7.h3 O-O 8.Nge2 Ne8
9.O-O f5 10.Qd2 c6 11.Rad1 fxe4 12.Nxe4 d5 13.Ng5 Qe7 14.b3 Nd6 15.dxe5 Nxe5
16.Qb4 a5 17.Qa3 Re8 18.Nd4 Qf6 19.Bf4 h6 20.Bxe5 Rxe5 21.Ngf3 Re8 22.c3 Bd7
23.Nd2 Nf5 24.N2f3 Nd6 25.Nd2 Kh8 26.c4 Bf8 27.c5 Nf7 28.N2f3 b6 29.Qc1 bxc5
30.Nc2 a4 31.Ne3 axb3 32.axb3 Ra2 33.Qb1 Rb2 34.Qa1 Bg7 35.Qa7 Bxh3 36.Qxc5 Bxg2
37.Kxg2 Bf8 38.Qb6 Re2 39.Nxd5 Qf5 40.Qxc6 Bd6 41.Qc3+ Ne5 42.Nxe5 Bxe5 43.Qd3 Qg4
44.Qf3 Qxf3+ 45.Kxf3 Rb2 46.Rd3 Rb8 47.b4 Bd6 48.Nf6 Be7 49.Ng4 Rf8+ 50.Kg2 h5
51.Ne5 Rf6  1/2-1/2

[Event "HUN-chT1 9596"]
[Site "HUN"]
[Date "1995.??.??"]
[Round "4"]
[White "Pesztericz, Laszlo"]
[Black "Kahn, Evarth"]
[Result "0-1"]
[WhiteElo "2125"]
[BlackElo "2400"]

1.e4 Nf6 2.Nc3 d6 3.d4 c6 4.Nf3 Bg4 5.Be2 e6 6.O-O Be7 7.Be3 Bxf3 8.Bxf3 d5
9.Re1 O-O 10.a3 Nfd7 11.b4 Nb6 12.Qd3 N8d7 13.Reb1 Nc4 14.Na4 b5 15.Nc5 Nxc5
16.bxc5 Re8 17.a4 a6 18.axb5 axb5 19.Rxa8 Qxa8 20.Qc3 Qa3 21.Qb3 Ra8 22.Bc1 Qa5
23.Bf4 Bf6 24.c3 Qd8 25.exd5 exd5 26.Re1 Bg5 27.Bxg5 Qxg5 28.Qa2 Qd8 29.Qc2 g6
30.h3 Qf6 31.Be2 Ra3 32.Bxc4 dxc4 33.Qd2 Kg7 34.Re5 b4 35.cxb4 c3 36.Qe1 c2
37.Re2 Ra2 38.Qc1 Qxd4 39.Kh2 Qd3 40.Rd2 Qc3 41.Re2 Qc4 42.Rd2 h5 43.g3 Qc3
44.h4 Kh7 45.Rd7 Kg7 46.Rd2 Kh7 47.Rd7 Ra1 48.Qf4 Qg7 49.Rxf7 c1=Q 50.Rxg7+ Kxg7
51.Qc7+  0-1

[Event "HUN-chT1 9596"]
[Site "HUN"]
[Date "1995.??.??"]
[Round "5"]
[White "Horvath, Tamas"]
[Black "Lengyel, Levente"]
[Result "1/2-1/2"]
[WhiteElo "2410"]
[BlackElo "2365"]

1.e4 d6 2.d4 Nf6 3.Nc3 e5 4.Nf3 Nbd7 5.Bc4 Be7 6.O-O O-O 7.a4 c6 8.a5 Rb8
9.Re1 Qc7 10.h3 b5 11.axb6 axb6 12.b3 b5 13.Bf1 b4 14.Na4 Re8 15.Bb2 Bf8
16.dxe5 dxe5 17.Bc4 Nc5 18.Nxc5 Bxc5 19.Ra2 Nd7 20.Ng5 Re7 21.Qh5 Nf6 22.Bxf7+ Rxf7
23.Qxf7+ Qxf7 24.Nxf7 Kxf7 25.Bxe5 Rb7 26.Ra8 Be6 27.Ra6 Bb6 28.Bf4 c5 29.Ra8 c4
30.bxc4 Bd4 31.Rb8 Rxb8 32.Bxb8 Bc3 33.Re3 Bxc4 34.Ba7 Bd2 35.Rf3 Be2 36.Rf5 g6
37.Rc5 Nxe4 38.Rc7+ Ke6 39.f3 Nc3 40.Bc5 Nd5 41.Rc6+ Ke5 42.Bd6+ Kd4 43.Bc5+ Ke5  1/2-1/2

[Event "ITA-chT"]
[Site "Italy"]
[Date "1995.??.??"]
[Round "?"]
[White "Pieri, Filippo"]
[Black "Pagano, Sergio"]
[Result "1-0"]
[WhiteElo "2230"]
[BlackElo "2240"]

1.e4 d6 2.d4 Nf6 3.Nc3 c6 4.f4 Qa5 5.e5 Ne4 6.Bd3 Nxc3 7.Qd2 c5 8.Qxc3 Qxc3+
9.bxc3 e6 10.Nf3 d5 11.Ba3 b6 12.dxc5 Ba6 13.Rb1 Bxc5 14.Bxc5 bxc5 15.c4 O-O
16.cxd5 exd5 17.Bxa6 Nxa6 18.Kd2 Rab8 19.Rb3 Rb6 20.Rhb1 Rfb8 21.Kc3 Nb4
22.a3 Nc6 23.Rxb6 axb6 24.g4 h6 25.Rd1 Ra8 26.Kb2 Rd8 27.a4 d4 28.Nd2 Ra8
29.Kb3 g5 30.fxg5 hxg5 31.Nc4 Re8 32.Re1 f6 33.e6 Re7 34.Nxb6 Rb7 35.a5 Nxa5+
36.Ka4 Nc6 37.Kb5 Ne5 38.Kxc5 Rc7+ 39.Kb5 Re7 40.Nd5 Rxe6 41.Nxf6+ Kf7 42.Ne4 Nf3
43.Rf1 Rxe4 44.Rxf3+ Kg6 45.h3 Re2 46.Kc4 Rxc2+ 47.Kxd4 Rc6 48.Rc3 Re6 49.Re3 Ra6
50.Rf3 Rd6+ 51.Ke4 Re6+ 52.Kd5 Re1 53.Kd6 Re2 54.Kd5 Re1 55.Kd4 Re2 56.Re3 Rd2+
57.Ke5 Rd8 58.Rc3 Re8+ 59.Kd6 Re2 60.Kd7 Re1 61.Rc6+ Kg7 62.Re6 Rd1+  1-0

[Event "ITA-chT"]
[Site "Italy"]
[Date "1995.??.??"]
[Round "?"]
[White "Gasser, Giorgio"]
[Black "Satta, Vladimiro"]
[Result "0-1"]
[WhiteElo "2300"]
[BlackElo "2295"]

1.e4 d6 2.d4 Nf6 3.Nc3 c6 4.Nf3 Qa5 5.Bd2 e5 6.dxe5 dxe5 7.Bd3 Bg4 8.h3 Bh5
9.g4 Bg6 10.Qe2 Nbd7 11.Nd5 Qd8 12.Nxf6+ Qxf6 13.O-O-O Be7 14.Bc3 b5 15.Kb1 Qe6
16.h4 f6 17.b3 Qxg4 18.Rhg1 Qe6 19.Nh2 O-O 20.Ng4 Kh8 21.Ne3 Nc5 22.Nf5 Nxd3
23.Nxe7 Nf4 24.Nxg6+ Nxg6 25.h5 Nf4 26.Qf3 Qh3 27.Rg3 Qxh5 28.Rg4 Qf7 29.Bd2 Ng6
30.Rh1 Rfd8 31.Ba5 Rd7 32.Qf5 Nf8 33.Bb4 g6 34.Qf3 Ne6 35.Qg2 c5 36.Bc3 b4
37.Bb2 Nf4 38.Qf3 Rad8 39.Rxf4 exf4 40.e5 fxe5 41.Bxe5+ Kg8 42.Qg4 f3 43.Rh3 Rf8
44.Rxf3 Rd1+  0-1

[Event "ITA-chT"]
[Site "Italy"]
[Date "1995.??.??"]
[Round "?"]
[White "Albano, Marco"]
[Black "Pagano, Sergio"]
[Result "1-0"]
[WhiteElo "2230"]
[BlackElo "2240"]

1.e4 d6 2.d4 Nf6 3.Nc3 c6 4.Be3 g6 5.f3 Nbd7 6.Qd2 b5 7.a3 e5 8.g4 a6 9.g5 Nh5
10.d5 c5 11.Nge2 Bg7 12.Ng3 Nf4 13.Bxf4 exf4 14.Qxf4 Ne5 15.h4 h6 16.O-O-O b4
17.axb4 cxb4 18.Na2 Rb8 19.Qe3 hxg5 20.hxg5 Rxh1 21.Nxh1 Qa5 22.Kb1 Qa4 23.Nc1 Bd7
24.f4 Bg4 25.Rd2 Nf3 26.Rg2 Bd4 27.Qd3 Bc3 28.Nb3 Ne1 29.Qg3 Nxg2 30.Bxg2 Bd1
31.Qd3 Bg4 32.Nf2 Bd7 33.bxc3 bxc3 34.Qxc3 Rc8 35.Qb2 a5 36.Nd3 Bb5 37.Qh8+ Kd7
38.Bh3+  1-0

[Event "Katowice op"]
[Site "Katowice"]
[Date "1995.??.??"]
[Round "3"]
[White "Blehm, Pawel"]
[Black "Masternak, Grzegorz"]
[Result "1/2-1/2"]
[WhiteElo "2210"]
[BlackElo "2350"]

1.e4 d6 2.d4 Nf6 3.Nc3 e5 4.Nf3 Nbd7 5.Bc4 Be7 6.O-O O-O 7.a4 a5 8.h3 c6
9.dxe5 dxe5 10.Qe2 Qc7 11.Nh4 Nb6 12.Ba2 Be6 13.f4 Bxa2 14.Rxa2 Nxe4 15.Nxe4 Bxh4
16.Qh5 f5 17.Qxh4 fxe4 18.f5 Qd7 19.Qxe4 Qd4+ 20.Qxd4 exd4 21.Ra3 Rf7 22.Rd3 c5
23.b3 Nd5 24.Bd2 Nb4 25.Bxb4 axb4 26.Rff3 Re8 27.Kf2 Re5 28.g4 Rfe7 29.Kg3 Kf7
30.g5 Re1 31.f6 R7e2 32.fxg7+ Kxg7 33.Rf2 Rg1+ 34.Kf3 Rxf2+ 35.Kxf2 Rxg5
36.Rf3 h5 37.Ke2 Kg6 38.Kd3 Rg2 39.Rf8 Rg3+ 40.Kd2 Rxh3 41.Rb8 d3 42.Rxb7 dxc2
43.Kxc2 Rc3+ 44.Kb2 h4 45.Rb8 h3 46.Rh8 Rf3 47.Kc2 Rc3+ 48.Kb2 Rf3 49.Kc2  1/2-1/2

[Event "Katowice op"]
[Site "Katowice"]
[Date "1995.??.??"]
[Round "7"]
[White "Nikolenko, Oleg"]
[Black "Masternak, Aleksander"]
[Result "1-0"]
[WhiteElo "2480"]
[BlackElo "2255"]

1.e4 d6 2.d4 Nf6 3.Nc3 e5 4.Nf3 Nbd7 5.Bc4 Be7 6.O-O O-O 7.a4 c6 8.Re1 a5
9.h3 Qc7 10.Ba2 h6 11.Nh4 Re8 12.Nf5 Bf8 13.Re3 Nb6 14.Rf3 Bxf5 15.Rxf5 Qe7
16.Rf3 g6 17.Be3 Nbd7 18.Qe2 Bg7 19.Rd1 Nf8 20.Qc4 Ne6 21.d5 Nd4 22.Bxd4 exd4
23.Qxd4 c5 24.Qd3 Nh7 25.Re3 Bd4 26.Re2 Qh4 27.Nb5 Be5 28.Nc7 Ng5 29.Nxa8 Rxa8
30.Kf1 Rf8 31.c3 f5 32.exf5 Rxf5 33.Bb1 Kh8 34.Qe3 Rf3 35.gxf3 Qxh3+ 36.Ke1 Nxf3+
37.Qxf3 Qxf3 38.Rxe5 dxe5 39.d6 Qh1+ 40.Kd2 Qh4 41.d7 Qd8 42.Ke2 Kg7 43.Rd6 Kf7
44.Bxg6+ Ke7 45.Rd5 b6 46.Bf5 Kf6 47.Bh3 h5 48.Kd3  1-0

[Event "Katowice op"]
[Site "Katowice"]
[Date "1995.??.??"]
[Round "9"]
[White "Szczepanek, Piotr"]
[Black "Masternak, Aleksander"]
[Result "1/2-1/2"]
[WhiteElo "2180"]
[BlackElo "2255"]

1.e4 d6 2.d4 Nf6 3.Nc3 e5 4.Nf3 Nbd7 5.Bc4 Be7 6.O-O O-O 7.Re1 c6 8.a4 a5
9.h3 Qc7 10.Bb3 exd4 11.Nxd4 Nc5 12.Ba2 Re8 13.Qf3 Be6 14.Nxe6 Nxe6 15.Be3 Nd7
16.Rad1 Bf6 17.Qg3 Ndc5 18.Bxe6 Be5 19.Bxf7+ Qxf7 20.Qf3 Bxc3 21.bxc3 Nxe4
22.Qxf7+ Kxf7 23.c4 d5 24.Rb1 Re7 25.cxd5 Nc3 26.Rb3 Nxd5 27.Bd2 b6 28.c4 Nb4
29.Rxe7+ Kxe7 30.Bxb4+ axb4 31.Rxb4 Ra6 32.c5 bxc5 33.Rg4 Kd6 34.Kf1 Kd5
35.Rxg7 Rxa4 36.Rd7+ Kc4 37.Rxh7 Kd3 38.g4 Rd4 39.Rh6 Kd2 40.Rxc6 c4 41.f3 c3
42.h4 c2 43.h5 Rd3 44.Rxc2+ Kxc2 45.Ke2 Kc3 46.h6 Kd4 47.g5 Re3+ 48.Kf2 Re8
49.Kg3 Ke5 50.Kg4 Rf8 51.h7 Rh8 52.f4+ Ke6 53.f5+ Kf7 54.g6+ Kf6 55.Kh5 Kxf5
56.Kh6 Ra8 57.g7 Ra6+ 58.Kh5 Ra1 59.Kh4 Kf4 60.Kh3 Kf3 61.Kh2 Ra2+  1/2-1/2

[Event "Kemerovo2"]
[Site "Kemerovo"]
[Date "1995.??.??"]
[Round "11"]
[White "Kupreichik, Viktor D"]
[Black "Komliakov, Viktor"]
[Result "1/2-1/2"]
[WhiteElo "2525"]
[BlackElo "2520"]

1.e4 d6 2.Nc3 Nf6 3.d4 e5 4.dxe5 dxe5 5.Qxd8+ Kxd8 6.Bc4 Be6 7.Bxe6 fxe6
8.Be3 Nc6 9.O-O-O+ Bd6 10.Nge2 a6 11.b3 Ke7  1/2-1/2

[Event "Kemerovo2"]
[Site "Kemerovo"]
[Date "1995.??.??"]
[Round "13"]
[White "Makarov, Marat"]
[Black "Komliakov, Viktor"]
[Result "1/2-1/2"]
[WhiteElo "2520"]
[BlackElo "2520"]

1.e4 d6 2.d4 Nf6 3.Nc3 e5 4.dxe5 dxe5 5.Qxd8+ Kxd8 6.Bc4 Be6 7.Bxe6 fxe6
8.f3 a6 9.Nh3 Bd6 10.Be3 Nc6 11.O-O-O Ke7 12.Na4  1/2-1/2

[Event "Platonov mem"]
[Site "Kiev"]
[Date "1995.??.??"]
[Round "1"]
[White "Frolov, Artur"]
[Black "Boric, Muhamed"]
[Result "1/2-1/2"]
[WhiteElo "2520"]
[BlackElo "2435"]

1.e4 d6 2.d4 Nf6 3.Nc3 Nbd7 4.Be3 e5 5.dxe5 dxe5 6.Bc4 Bb4 7.Ne2 O-O 8.f3 c6
9.Qd2 Nb6 10.Bb3 Qxd2+ 11.Bxd2 Nfd7 12.a3 Be7 13.Nc1 Nc5 14.Ba2 Be6 15.b4 Ncd7
16.Bxe6 fxe6 17.Nb3 Nc4 18.Ke2 Nxd2 19.Nxd2 a5 20.bxa5 Rxa5 21.Rhb1 b5 22.a4 b4
23.Nb3 Ra7 24.Nd1 Rfa8 25.Nb2 Nc5 26.a5 Nxb3 27.cxb3 Rxa5 28.Rxa5 Rxa5 29.Na4 Kf7  1/2-1/2

[Event "Kishinev Interzonal (Women)"]
[Site "Kishinev"]
[Date "1995.??.??"]
[Round "8"]
[White "Calzetta, Monica"]
[Black "Belakovskaia, Anjelina"]
[Result "1-0"]
[WhiteElo "2130"]
[BlackElo "2345"]

1.e4 d6 2.d4 Nf6 3.Nc3 c6 4.h3 Nbd7 5.Nf3 e5 6.Be3 Be7 7.a4 Qa5 8.Bd3 d5
9.Bd2 dxe4 10.Nxe4 Qc7 11.Ng3 O-O 12.O-O Re8 13.Re1 Bf8 14.a5 g6 15.Bc4 exd4
16.Rxe8 Nxe8 17.Ng5 Ne5 18.Bf4 Qe7 19.Bxe5 Qxg5 20.Qxd4 Qe7 21.Ne4 Be6 22.Bxe6 Qxe6
23.Rd1 Be7 24.Nc5 Qc8 25.b4 Qf5 26.Nxb7 Bxb4 27.Qxb4 Qxe5 28.Re1 Qb5 29.Qe7 Kg7
30.Nd8 Rxd8 31.Qxd8 Nf6 32.Re7 a6 33.Qb6 Qc4 34.Qb3 Qd4 35.Rxf7+ Kh6 36.Qe3+  1-0

[Event "Kurgan"]
[Site "Kurgan"]
[Date "1995.??.??"]
[Round "2"]
[White "Predein, V."]
[Black "Pospelov, Evgeny"]
[Result "0-1"]
[WhiteElo "2355"]
[BlackElo "2385"]

1.e4 d6 2.d4 Nf6 3.Nc3 e5 4.Nf3 Nbd7 5.Bc4 Be7 6.O-O O-O 7.h3 c6 8.a4 a5
9.Re1 Qb6 10.Be3 Qc7 11.Ba2 Ne8 12.Nd2 g6 13.f4 Ng7 14.Rf1 exf4 15.Bxf4 Nb6
16.Bh6 Be6 17.Bxe6 fxe6 18.Qg4 Qd7 19.Nf3 Rf7 20.Ng5 Bxg5 21.Qxg5 d5 22.Rxf7 Qxf7
23.Rf1 Qd7 24.Qf6 Re8 25.g4 Qe7 26.e5 Nd7 27.Ne2 Nxf6 28.exf6 Nf5 29.fxe7 Nxh6
30.Nf4 Rxe7 31.Re1 Kf7 32.Kg2 b6 33.Re3 c5 34.Rb3 cxd4 35.Rxb6 Rc7 36.Nxe6 Rxc2+
37.Kf3 d3 38.Nf4 d2 39.Ke2 Rc4 40.Nd3 Rxa4 41.Kxd2 Ng8 42.Rb7+ Ne7 43.b3 Ra2+
44.Ke3 a4 45.b4 a3 46.Kd4 Rc2 47.Ra7 a2 48.Ke5 Re2+ 49.Kd6 Kf6 50.Ra5 d4
51.g5+ Kf7 52.Ra7 Kf8 53.Ra8+ Kf7 54.Ra7 Kf8 55.Ra8+ Kf7 56.b5 Nc8+ 57.Kc5 Rc2+
58.Kxd4 Nb6 59.Ra7+ Ke6 60.Ke3 Nd5+ 61.Kd4 Nc7 62.Ra5 Nxb5+ 63.Ke3 Nd6 64.Nf4+ Kd7
65.Kd3 Rf2 66.Nd5 Rf3+ 67.Kd4 Nb5+  0-1

[Event "Kurgan"]
[Site "Kurgan"]
[Date "1995.??.??"]
[Round "3"]
[White "Kupreichik, Viktor D"]
[Black "Chuprov, A."]
[Result "1-0"]
[WhiteElo "2500"]
[BlackElo "2420"]

1.e4 d6 2.d4 Nf6 3.Nc3 e5 4.Nf3 Nbd7 5.Bc4 Be7 6.O-O O-O 7.a4 a5 8.Re1 c6
9.Ba2 Re8 10.h3 Bf8 11.Be3 h6 12.Nh4 d5 13.exd5 Nxd5 14.Bxd5 Qxh4 15.Bb3 Nf6
16.dxe5 Rxe5 17.Qd4 Qxd4 18.Bxd4 Rxe1+ 19.Rxe1 Bf5 20.g4 Bd7 21.Rd1 Be8 22.Bxf6 gxf6
23.Ne4 Be7 24.Ng3 b5 25.Re1 Kf8 26.Nf5 Bc5 27.Rd1 Rb8 28.Nxh6 bxa4 29.Bxa4 Rxb2
30.Rd8 Ke7 31.Ra8 Bd7 32.Rxa5 Bb6 33.Ra6 Rb4 34.Bb3 Kd6 35.Nxf7+ Kc7 36.Nh6 c5
37.Ng8 Kd8 38.Nxf6 c4 39.Bxc4 Rb1+ 40.Kg2 Bc6+ 41.Bd5  1-0

[Event "Kurgan"]
[Site "Kurgan"]
[Date "1995.??.??"]
[Round "6"]
[White "Komliakov, Viktor"]
[Black "Chuprov, A."]
[Result "1/2-1/2"]
[WhiteElo "2535"]
[BlackElo "2420"]

1.e4 d6 2.d4 Nf6 3.Nc3 e5 4.dxe5 dxe5 5.Qxd8+ Kxd8 6.Bc4 Be6 7.Bxe6 fxe6
8.f3 Nc6 9.Be3 Bd6 10.Nh3 Ke7 11.O-O-O a6 12.Nf2 b5 13.Kb1 h6 14.Nd3 Nh5
15.Ne2 Rhf8 16.Rd2 Rab8 17.Rc1 Na5 18.b3 Nf6 19.Nb2 Ba3 20.Rcd1 Rb7 21.c3 Bd6
22.Rc2 Rc8 23.c4 c5 24.Nc1 Nd7 25.Ncd3 Rc6 26.Rdc1 Rbc7 27.Bd2 Nb7 28.g3 Rc8
29.Bc3 b4 30.Bd2 Rf8 31.Rf1 Rcc8 32.Be3 Rf7 33.h4 Rcf8 34.Rcf2 Kd8 35.Na4 Kc7
36.Bc1 Na5 37.Be3 Kc6 38.Kc2 Nb7 39.Kd2 Nf6 40.g4 h5 41.Ke2 g6 42.Bg5 Nd7
43.Rg1 Rh7 44.Rfg2 Rff7 45.Be3 Nf8 46.gxh5 Rxh5 47.Bf2 Rfh7 48.Rg5 Rxg5 49.Rxg5 Rh5
50.Rg4 Be7 51.f4 exf4 52.Nxf4 Rh6 53.e5 Nd8 54.Kf3 Nf7 55.Nd3 Nd7 56.Bg3 Rh5
57.Rxg6 Ndxe5+ 58.Nxe5+ Nxe5+ 59.Bxe5 Rxe5 60.Nb2 Bxh4 61.Nd3 Rf5+ 62.Ke4 Bf6
63.Rg8 Rh5 64.Rg6 Rf5 65.Rg8 Rh5 66.Rg6 Rh4+ 67.Kf3 Rh3+ 68.Ke4 Rh4+ 69.Kf3 Rh3+  1/2-1/2

[Event "Kurgan"]
[Site "Kurgan"]
[Date "1995.??.??"]
[Round "9"]
[White "Pugachov, Alexey"]
[Black "Pospelov, Evgeny"]
[Result "1-0"]
[WhiteElo "2475"]
[BlackElo "2385"]

1.e4 d6 2.d4 Nf6 3.Nc3 e5 4.Nf3 Nbd7 5.Bc4 Be7 6.O-O c6 7.a4 a5 8.Re1 O-O
9.Ba2 Re8 10.h3 Bf8 11.Be3 h6 12.Nd2 Nb6 13.f4 exf4 14.Bxf4 d5 15.e5 Nh7
16.Nf3 Bb4 17.Bb3 Nf8 18.Bd2 Nc4 19.Bxc4 dxc4 20.Ne4 Be7 21.Qe2 Be6 22.Bf4 Bd5
23.Qf2 Ne6 24.Bg3 c5 25.Nd6 Bxd6 26.exd6 Bxf3 27.Qxf3 Nxd4 28.Qxb7 Ne2+ 29.Rxe2 Rxe2
30.Rf1 Qe8 31.Rxf7 Qxf7 32.Qxa8+ Kh7 33.Kh2 Qe6 34.Qf3 Rxc2 35.Qd1 Qe4 36.Qf1 Rxb2
37.d7 Rd2  1-0

[Event "Kurgan"]
[Site "Kurgan"]
[Date "1995.??.??"]
[Round "11"]
[White "Chuprov, A."]
[Black "Pospelov, Evgeny"]
[Result "1-0"]
[WhiteElo "2420"]
[BlackElo "2385"]

1.e4 d6 2.d4 Nf6 3.Nc3 e5 4.Nf3 Nbd7 5.Bc4 Be7 6.O-O O-O 7.Re1 c6 8.a4 b6
9.Bg5 a6 10.Qe2 Ne8 11.Be3 Bb7 12.Rad1 Qc7 13.Bb3 Rd8 14.dxe5 dxe5 15.Ng5 Nd6
16.f4 b5 17.fxe5 Nxe5 18.Nxh7 Rfe8 19.Ng5 Ndc4 20.Qh5 Bxg5 21.Bxg5 Rxd1 22.Nxd1 bxa4
23.Bxa4 Qa5 24.Nc3 Nxb2 25.Re3 Bc8 26.Bb3 Be6 27.h3 Bxb3 28.cxb3 Nbd3 29.Ne2 Re6
30.Ng3 Rg6 31.Nf5 Re6 32.Ne7+ Rxe7 33.Bxe7 Qb6 34.Qe2 Qxb3 35.Bd6 Qb5 36.Kh2 f6
37.Qh5 c5 38.Rg3 c4 39.Bf8 g5 40.Be7 Qc6 41.Qh6 Qxe4 42.Qf8+ Kh7 43.Bxf6  1-0

[Event "Kurgan"]
[Site "Kurgan"]
[Date "1995.??.??"]
[Round "11"]
[White "Kupreichik, Viktor D"]
[Black "Komliakov, Viktor"]
[Result "1/2-1/2"]
[WhiteElo "2500"]
[BlackElo "2535"]

1.e4 d6 2.d4 Nf6 3.Nc3 e5 4.dxe5 dxe5 5.Qxd8+ Kxd8 6.Bc4 Be6 7.Bxe6 fxe6
8.Bd2 Bd6 9.O-O-O Ke7 10.f3 a6 11.Nge2 Nc6  1/2-1/2

[Event "Lazne Bohdanec"]
[Site "Lazne Bohdanec"]
[Date "1995.??.??"]
[Round "8"]
[White "Howell, James C"]
[Black "Jansa, Vlastimil"]
[Result "1/2-1/2"]
[WhiteElo "2520"]
[BlackElo "2525"]

1.e4 d6 2.d4 Nf6 3.Nc3 Nbd7 4.f4 e5 5.Nf3 exd4 6.Qxd4 c6 7.Be3 d5 8.exd5 Bc5
9.Qd3 Qe7 10.Nd4 Nb6 11.dxc6 bxc6 12.Be2 O-O 13.Bg1 Qc7 14.g3 Bh3 15.Ne6 fxe6
16.Bxc5 Rfd8 17.Bd4 Bf5 18.Qe3 Nbd5 19.Nxd5 Nxd5 20.Qe5 Qxe5 21.Bxe5 Ne3
22.Kf2 Nxc2 23.Rac1 Nb4 24.Rhd1 Nxa2 25.Rxd8+ Rxd8 26.Ra1 Nb4 27.Rxa7 Nd3+
28.Bxd3 Rxd3 29.g4 Be4 30.h4 Rf3+ 31.Ke1 Rh3 32.Rxg7+ Kf8 33.h5 Re3+ 34.Kd2 Rd3+
35.Ke1 Rh3 36.Rc7 Bf3 37.h6 Be4 38.Kd2 Ke8 39.g5 Rd3+ 40.Ke2 Rd7 41.Rc8+ Rd8
42.Rc7  1/2-1/2

[Event "Leeuwarden op"]
[Site "Leeuwarden"]
[Date "1995.??.??"]
[Round "2"]
[White "Wiersma, Eelke"]
[Black "Zagema, Wieb"]
[Result "1-0"]
[WhiteElo "2280"]
[BlackElo "2395"]

1.e4 d6 2.d4 Nf6 3.Nc3 e5 4.Nf3 Nbd7 5.Bc4 Be7 6.O-O O-O 7.a4 c6 8.Qe2 exd4
9.Nxd4 Ne5 10.Ba2 c5 11.Nf5 Bxf5 12.exf5 Qd7 13.f4 Nc6 14.g4 Ne8 15.Nd5 Nc7
16.Nxc7 Qxc7 17.c3 Rfe8 18.Qg2 Bf8 19.g5 Kh8 20.g6 f6 21.Qd5 Ne7 22.Qf7 d5
23.Rf3 Qb6 24.Rh3 Nxg6  1-0

[Event "Legnica"]
[Site "Legnica"]
[Date "1995.??.??"]
[Round "?"]
[White "Bus, Mariusz"]
[Black "Ianov, Viktor"]
[Result "1/2-1/2"]
[WhiteElo "2390"]
[BlackElo "2360"]

1.e4 d6 2.d4 Nf6 3.Nc3 e5 4.dxe5 dxe5 5.Qxd8+ Kxd8 6.Bg5 Be6 7.O-O-O+ Nd7
8.Bb5 c6 9.Ba4 Bc5 10.f3 Ke7 11.Bb3  1/2-1/2

[Event "Legnica"]
[Site "Legnica"]
[Date "1995.??.??"]
[Round "?"]
[White "Cyborowski, Lukasz"]
[Black "Grechanovskaya, Elena"]
[Result "1/2-1/2"]
[WhiteElo "2205"]
[BlackElo "2100"]

1.e4 d6 2.d4 Nf6 3.Nc3 e5 4.Nf3 Nbd7 5.Bc4 Be7 6.O-O O-O 7.Re1 c6 8.a4 b6
9.d5 Bb7 10.dxc6 Bxc6 11.Nd2 a6 12.f3 b5 13.axb5 axb5 14.Rxa8 Qb6+ 15.Kh1 Rxa8
16.Bf1 Nc5 17.Nb3 b4 18.Nxc5 Qxc5 19.Nb1 Ra1 20.Nd2 Ba4 21.b3 Bc6 22.Nc4 Nh5
23.Qe2 Nf4 24.Qe3 Qxe3 25.Nxe3 d5 26.exd5 Nxd5 27.Nxd5 Bxd5 28.Bd2 Rxe1 29.Bxe1 Kf8
30.Bf2 f5 31.Kg1 Kf7 32.Be3 Ke6 33.Kf2 g5  1/2-1/2

[Event "VfB op 2nd"]
[Site "Leipzig"]
[Date "1995.??.??"]
[Round "4"]
[White "Voigt, Ulrich"]
[Black "Spiess, Gunter"]
[Result "1/2-1/2"]
[WhiteElo "2230"]
[BlackElo "2360"]

1.e4 d6 2.d4 Nf6 3.Nc3 e5 4.dxe5 dxe5 5.Qxd8+ Kxd8 6.Bg5 Be6 7.O-O-O+ Nd7
8.Nf3 Kc8 9.Be2 c6 10.a3 Bc5 11.Bh4 Ng4 12.Rhf1 f6 13.h3 Nh6 14.Nd2 b5 15.Nb3 Bb6
16.Rd6 Bxb3 17.Rxc6+ Kb7 18.Rd6 Nc5 19.cxb3  1/2-1/2

[Event "Lenk op"]
[Site "Lenk"]
[Date "1995.??.??"]
[Round "5"]
[White "Groszpeter, Attila"]
[Black "Klauser, Markus"]
[Result "1-0"]
[WhiteElo "2555"]
[BlackElo "2345"]

1.e4 d6 2.d4 Nf6 3.Nc3 c6 4.f4 Qa5 5.Bd3 e5 6.Nf3 Nbd7 7.O-O Be7 8.Kh1 O-O
9.Qe1 Re8 10.dxe5 dxe5 11.f5 b5 12.Bg5 b4 13.Nb1 h6 14.Bxf6 Bxf6 15.Nbd2 Nc5
16.Nc4 Nxd3 17.Nxa5 Nxe1 18.Rfxe1 c5 19.a3 Bd7 20.Red1 Bb5 21.a4 Be2 22.Rd2 Bxf3
23.gxf3 Bg5 24.Rd7 Be3 25.Nc4 Bf4 26.Rad1 Rec8 27.Kg2 h5 28.h3 b3 29.c3 Rcb8
30.Kf2 f6 31.R1d6 Bg5 32.Ke2 Kh7 33.a5 Re8 34.Ra6 Kh6 35.Raxa7 Rxa7 36.Rxa7 Bc1
37.a6 Kg5 38.Rxg7+ Kh4 39.Rg1 Bf4 40.a7 Kxh3 41.Rh1+ Bh2 42.Ra1  1-0

[Event "Leon"]
[Site "Leon"]
[Date "1995.??.??"]
[Round "6"]
[White "De la Villa Garcia, Jesus Maria"]
[Black "Rivas Pastor, Manuel"]
[Result "1-0"]
[WhiteElo "2490"]
[BlackElo "2515"]

1.e4 d6 2.d4 Nf6 3.Nc3 e5 4.Nge2 Be7 5.g3 O-O 6.Bg2 c6 7.a4 b6 8.O-O Nbd7
9.h3 Bb7 10.g4 a6 11.Ng3 b5 12.Nf5 b4 13.Ne2 d5 14.exd5 Nxd5 15.Re1 Re8 16.dxe5 Nxe5
17.Nf4 Bf8 18.Nxd5 cxd5 19.Bf4 Ng6 20.Rxe8 Qxe8 21.Bd6 Rc8 22.Qd2 a5 23.Re1 Qc6
24.Bxf8 Kxf8 25.Qd4 f6 26.Re2 Rc7 27.b3 Ne7 28.Qf4 Nxf5 29.Qxf5 g6 30.Qf4 Re7
31.Qh6+ Rg7 32.Re7 Kxe7 33.Qxg7+ Ke6 34.Qxh7 g5 35.Qf5+ Ke7 36.Qh7+ Ke6 37.Qg8+ Ke5
38.Qg6 Qc3 39.Qf7 Bc6 40.Qe7+ Kd4 41.Qxf6+ Kc5 42.Qe7+ Kd4 43.Qxg5  1-0

[Event "Liechtenstein op"]
[Site "Liechtenstein"]
[Date "1995.??.??"]
[Round "?"]
[White "Frick, Renato"]
[Black "Pribyl, Martin"]
[Result "0-1"]
[WhiteElo "2140"]
[BlackElo "2390"]

1.e4 d6 2.d4 Nf6 3.Nc3 c6 4.f4 Qa5 5.Bd3 e5 6.dxe5 dxe5 7.f5 b5 8.Bd2 b4
9.Nce2 Qb6 10.Ng3 Bc5 11.Nh3 a5 12.Nh5 Bf8 13.Nxf6+ gxf6 14.Qe2 Ba6 15.O-O-O Nd7
16.Be3 Bc5 17.Bxc5 Nxc5 18.Bc4 Ke7 19.Rd2 Rhb8 20.Rhd1 Bxc4 21.Qxc4 Qb5 22.Qxb5 Rxb5
23.Nf2 Rg8 24.g3 Rb7 25.Re1 h5 26.Re3 a4 27.Kd1 Ra8 28.Ke2 b3 29.axb3 axb3
30.c3 Ra2 31.Kf3 Na4 32.Nd1 Nb6 33.Rf2 Rd7 34.Re1 Ra1 35.Rff1 Rd2 36.h3 Nc4
37.g4 hxg4+ 38.Kxg4 Rdxd1  0-1